00919nam a2200217 a 450000100100000000500170001000800410002702000150006804000250008310000360010824500970014426001250024130000250036649000370039154600430042850400350047170000290050683000440053595201050057999900170068400003938520201002031626.0130625s1994 sp 000 0 spa d a8400074564 aDO-SdBNPbspacBNPHU1 aFath al-Andalus. Árabe965593 0aFath Al-Andalus :bla conquista de Al-Andalus /cestudio y edición crítica, Luis Molina. aMadrid :bConsejo Superior de Investigaciones Científicas :bAgencia Española de Cooperación Internacional,c1994. aXLI, 149 p ;c24 cm.1 aFuentes arábico-hispanas ;v18 aTexto en árabe, estudio en español aBibliografía : p. XXXIX -XLI1 aMolina, Luisved.96211700aFuentes arábico-hispanas ;v18965581 001050718MOaGRbGRcCTd2013-06-25iLF1l0o p39385-10r2020-06-25w2020-06-25y1ZNo se presta c38875d38875